[Event "FIDE World Bl Team Final"]
[Site "London ENG"]
[Date "2025.06.15"]
[Round "3.2"]
[White "Rapport, Richard"]
[Black "Sindarov, Javokhir"]
[Result "1-0"]
[WhiteTitle "GM"]
[BlackTitle "GM"]
[WhiteElo "2714"]
[BlackElo "2710"]
[WhiteTeam "D2 KazChess"]
[BlackTeam "C1 Uzbekistan"]
[WhiteFideId "738590"]
[BlackFideId "14205483"]
[EventDate "2025.06.15"]
[EventType "team-k.o. (blitz)"]

1. e4 e5 2. Nf3 Nc6 3. Bb5 a6 4. Ba4 Nf6 5. d3 Bc5 6. Bxc6 dxc6 7. h3 O-O 8. Bg5
Qd6 9. Nbd2 Nd7 10. Qe2 Re8 11. O-O f6 12. Be3 Nf8 13. Nc4 Qe7 14. Nh4 Ne6 15.
Nf5 Qf8 16. a4 a5 17. Qd2 b6 18. Kh1 Kh8 19. Bxc5 Qxc5 20. Nce3 Qb4 21. Qc1 Qf8
22. b3 Bd7 23. Qd2 Rad8 24. Rae1 Bc8 25. Qc3 Nd4 26. Ng3 Qb4 27. Qb2 Qf8 28. Ne2
c5 29. f4 exf4 30. Nxf4 Qd6 31. Nc4 Qc6 32. c3 Ne6 33. Nd5 Qd7 34. Qf2 Bb7 35.
Nce3 Ng5 36. Qf4 c6 37. Nxb6 Qxd3 38. Nf5 Ne6 39. Qf3 Ba6 40. e5 Qxf3 41. Rxf3
Nc7 42. Rfe3 fxe5 43. Rxe5 Rxe5 44. Rxe5 g6 45. Ne7 Rd1+ 46. Kh2 Rd3 47. Nxc6
Rxc3 48. Nxa5 Rd3 49. Re7 Nd5 50. Nxd5 Rxd5 51. Rc7 h5 52. Nc4 Rd3 53. Rxc5 Rxb3
54. Ne5 Bb7 55. Nxg6+ Kg7 56. Nf4 h4 57. Rh5 Bc8 58. Rxh4 Kf6 59. Rh8 Bd7 60. a5
Ra3 61. Rd8 Ke7 62. Ra8 Ra4 63. Nd5+ 1-0

[Event "FIDE World Bl Team Final"]
[Site "London ENG"]
[Date "2025.06.15"]
[Round "3.2"]
[White "Yakubboev, Nodirbek"]
[Black "Esipenko, Andrey"]
[Result "1/2-1/2"]
[WhiteTitle "GM"]
[BlackTitle "GM"]
[WhiteElo "2659"]
[BlackElo "2689"]
[WhiteTeam "C1 Uzbekistan"]
[BlackTeam "D2 KazChess"]
[WhiteFideId "14203987"]
[BlackFideId "24175439"]
[EventDate "2025.06.15"]
[EventType "team-k.o. (blitz)"]

1. d4 d5 2. Nf3 Nf6 3. a3 e6 4. Bf4 c5 5. e3 Nc6 6. h3 Be7 7. dxc5 Bxc5 8. Nbd2
O-O 9. b4 Bd6 10. Bxd6 Qxd6 11. c4 b6 12. cxd5 Nxd5 13. Rc1 Bb7 14. Nc4 Qe7 15.
Be2 Rfd8 16. Qb3 b5 17. Ncd2 a5 18. Bxb5 Na7 19. Bc4 axb4 20. axb4 1/2-1/2

[Event "FIDE World Bl Team Final"]
[Site "London ENG"]
[Date "2025.06.15"]
[Round "3.2"]
[White "Ansat, Aldiyar"]
[Black "Vokhidov, Shamsiddin"]
[Result "1/2-1/2"]
[WhiteTitle "IM"]
[BlackTitle "GM"]
[WhiteElo "2489"]
[BlackElo "2644"]
[WhiteTeam "D2 KazChess"]
[BlackTeam "C1 Uzbekistan"]
[WhiteFideId "13715658"]
[BlackFideId "14204223"]
[EventDate "2025.06.15"]
[EventType "team-k.o. (blitz)"]

1. e4 e5 2. Nf3 Nc6 3. Bb5 a6 4. Ba4 Nf6 5. O-O Nxe4 6. d4 b5 7. Bb3 d5 8. dxe5
Be6 9. c3 Be7 10. Nbd2 Nc5 11. Bc2 d4 12. cxd4 Nxd4 13. Nxd4 Qxd4 14. Nf3 Qxd1
15. Rxd1 O-O 16. Ng5 g6 17. Nxe6 Nxe6 18. Be3 Rad8 19. a4 Bg5 20. Bxg5 Nxg5 21.
Kf1 Ne6 22. Rac1 c5 23. axb5 axb5 24. Be4 c4 25. Ke2 Nc5 26. Ke3 Na4 27. Rxd8
Rxd8 28. Rb1 b4 29. Bc6 Nc5 30. Bb5 Rd3+ 31. Ke2 Rd4 32. f3 c3 33. bxc3 bxc3 34.
Rc1 Rd2+ 35. Ke3 Rxg2 36. Rxc3 Ne6 37. h4 Rh2 38. Rc4 Kg7 39. Bd7 Nf8 40. Bc8 h5
41. Rc7 Kg8 42. Rc4 Rb2 43. f4 Rb3+ 44. Ke4 Rb1 45. f5 Re1+ 46. Kd5 gxf5 47.
Bxf5 Kg7 48. Rc3 Ng6 49. Bxg6 Kxg6 50. Rg3+ Kh7 51. Rf3 Kg7 52. Rf5 Kg6 53. Rg5+
Kh6 54. Rf5 Kg6 55. Rf6+ Kg7 56. Rf5 Kg6 57. Rf6+ 1/2-1/2

[Event "FIDE World Bl Team Final"]
[Site "London ENG"]
[Date "2025.06.15"]
[Round "3.2"]
[White "Khamdamova, Afruza"]
[Black "Kamalidenova, Meruert"]
[Result "0-1"]
[WhiteTitle "WIM"]
[BlackTitle "IM"]
[WhiteElo "2326"]
[BlackElo "2330"]
[WhiteTeam "C1 Uzbekistan"]
[BlackTeam "D2 KazChess"]
[WhiteFideId "14210444"]
[BlackFideId "13712802"]
[EventDate "2025.06.15"]
[EventType "team-k.o. (blitz)"]

1. e4 c5 2. Nf3 Nc6 3. d4 cxd4 4. Nxd4 Nf6 5. Nc3 e5 6. Ndb5 d6 7. Nd5 Nxd5 8.
exd5 Nb8 9. a4 Be7 10. Be2 O-O 11. O-O f5 12. f4 Bf6 13. Rb1 a6 14. Na3 b6 15.
Nc4 b5 16. axb5 axb5 17. Na3 Bd7 18. Kh1 Qb6 19. Qd3 Na6 20. fxe5 Bxe5 21. b4
Rab8 22. Be3 Qb7 23. c4 bxc4 24. Nxc4 Bb5 25. Qd2 Rbe8 26. Na5 Qd7 27. Bxb5 Qxb5
28. Nc6 Nc7 29. Rbd1 g6 30. Bf4 Bxf4 31. Qxf4 Nxd5 32. Qxd6 Ne3 33. Ne7+ Kf7 34.
Nd5 Nxf1 35. Nc7 Qe2 36. Nxe8 Rxe8 37. Qd5+ Kg7 38. Qd4+ Re5 39. Qd7+ Kh6 40.
Qd8 Ne3 41. Qh4+ Qh5 42. Qf4+ Qg5 43. Qxg5+ Kxg5 44. Rb1 Rb5 0-1

[Event "FIDE World Bl Team Final"]
[Site "London ENG"]
[Date "2025.06.15"]
[Round "3.2"]
[White "Aiten, Islam"]
[Black "Imomkuzieva, Nilufarkhon"]
[Result "1-0"]
[BlackTitle "WFM"]
[WhiteElo "1950"]
[BlackElo "2066"]
[WhiteTeam "D2 KazChess"]
[BlackTeam "C1 Uzbekistan"]
[WhiteFideId "13749420"]
[BlackFideId "14216736"]
[EventDate "2025.06.15"]
[EventType "team-k.o. (blitz)"]

1. d4 Nf6 2. Nc3 d5 3. Bf4 e6 4. Nb5 Bb4+ 5. c3 Ba5 6. a4 a6 7. Na3 Nh5 8. Bd2
c6 9. b4 Bc7 10. e4 Nf6 11. e5 Ne4 12. Be3 h6 13. f3 Ng5 14. Bd3 a5 15. b5 cxb5
16. Nxb5 Bd7 17. Ne2 O-O 18. O-O f6 19. f4 Ne4 20. Bxe4 dxe4 21. Ng3 f5 22. Qb3
g6 23. Nxc7 Qxc7 24. d5 exd5 25. Qxd5+ Kh7 26. e6 Bc6 27. Qb3 Re8 28. Bc5 Na6
29. Ba3 Qg7 30. Rad1 Nc7 31. Rd6 Rad8 32. Rfd1 Rxd6 33. Rxd6 Qg8 34. c4 Nxe6 35.
Bb2 Qf8 36. Be5 Qf7 37. h4 Rd8 38. c5 Rd7 39. Qxe6 Qxe6 40. Rxe6 Rd1+ 41. Kh2
Rd2 42. Re7+ Kg8 43. Rg7+ Kf8 44. Rxg6 e3 45. Rxh6 Rxg2+ 46. Kh3 e2 47. Rf6+ Kg8
48. Rg6+ Kf8 49. Rf6+ Kg8 50. Nxe2 Rxe2 51. Rg6+ Kf8 52. Rf6+ Kg8 53. h5 Bxa4
54. Kh4 Rg2 55. Rxf5 Bd7 56. Rg5+ Rxg5 57. Kxg5 Kh7 58. Kf6 Be8 59. Kg5 Bf7 60.
Bc3 a4 61. h6 a3 62. Bg7 a2 63. Kf5 Bg6+ 64. Ke6 Be8 65. f5 Kg8 66. Ke7 Bf7 67.
Kd7 Bc4 68. Kc7 Bd5 69. Kd6 Bf7 70. Ke7 Bd5 71. Bb2 Bc4 72. f6 Bb3 73. h7+ Kxh7
74. f7 Bxf7 75. Kxf7 Kh6 76. Ke6 Kg6 77. Kd6 Kf5 78. Kc7 Ke4 79. Kxb7 Kd5 80. c6
Kc4 81. c7 Kb3 82. Bh8 1-0

[Event "FIDE World Bl Team Final"]
[Site "London ENG"]
[Date "2025.06.15"]
[Round "4.1"]
[White "Grischuk, Alexander"]
[Black "Firouzja, Alireza"]
[Result "1/2-1/2"]
[WhiteTitle "GM"]
[BlackTitle "GM"]
[WhiteElo "2667"]
[BlackElo "2766"]
[WhiteTeam "D2 KazChess"]
[BlackTeam "A1 WR Chess Team"]
[WhiteFideId "4126025"]
[BlackFideId "12573981"]
[EventDate "2025.06.15"]
[EventType "team-k.o. (blitz)"]

1. e4 c5 2. Nf3 d6 3. d4 cxd4 4. Nxd4 Nf6 5. Nc3 a6 6. Bg5 Nbd7 7. Bc4 Qb6 8.
Bb3 e6 9. Qd2 Be7 10. O-O-O Nc5 11. f3 Qc7 12. Kb1 b5 13. a3 Rb8 14. g4 O-O 15.
h4 Re8 16. h5 h6 17. Bh4 Nh7 18. Bxe7 Rxe7 19. f4 Bb7 20. Rde1 Nf6 21. g5 Nfxe4
22. Nxe4 Bxe4 23. Rhg1 hxg5 24. Rxg5 d5 25. Reg1 f6 26. R5g4 Rc8 27. Ka1 Nxb3+
28. cxb3 Kh8 29. Qe3 e5 30. fxe5 Qxe5 31. Nc6 Rxc6 32. Rxg7 f5 33. Rg8+ Kh7 34.
Qg5 f4 35. Rh8+ Qxh8 36. Qxe7+ Kh6 37. Qg5+ Kh7 38. Qe7+ Kh6 39. Qg5+ Kh7 40.
Qe7+ Kh6 41. Qg5+ Kh7 1/2-1/2

[Event "FIDE World Bl Team Final"]
[Site "London ENG"]
[Date "2025.06.15"]
[Round "4.1"]
[White "Esipenko, Andrey"]
[Black "Vachier-Lagrave, Maxime"]
[Result "1/2-1/2"]
[WhiteTitle "GM"]
[BlackTitle "GM"]
[WhiteElo "2689"]
[BlackElo "2736"]
[WhiteTeam "D2 KazChess"]
[BlackTeam "A1 WR Chess Team"]
[WhiteFideId "24175439"]
[BlackFideId "623539"]
[EventDate "2025.06.15"]
[EventType "team-k.o. (blitz)"]

1. d4 Nf6 2. Nf3 g6 3. g3 Bg7 4. Bg2 d5 5. O-O O-O 6. Bf4 a5 7. Qc1 a4 8. Bh6
Bg4 9. Bxg7 Kxg7 10. c4 c6 11. Re1 Bxf3 12. Bxf3 Qb6 13. e3 Nbd7 14. Rd1 e5 15.
Na3 exd4 16. Rxd4 Ne5 17. Bg2 c5 18. Rd2 d4 19. exd4 cxd4 20. c5 Qb4 21. Nc2
Qxc5 22. Nxd4 Qb6 23. Qf1 Rfd8 24. Rad1 Rac8 25. h3 Rd7 26. Qb5 Qxb5 27. Nxb5
Rxd2 28. Rxd2 Rc5 29. Nd6 b5 30. Re2 b4 31. Kh2 Kf8 32. Nb7 Rb5 33. Nd6 Rc5 34.
Nb7 Rb5 35. Nd6 Rb6 36. Rxe5 Rxd6 37. Rb5 Rd4 38. Kg1 h5 39. Bf3 Ne8 40. Kf1 Nd6
41. Rb8+ Kg7 42. Ke1 a3 43. bxa3 bxa3 44. Rb3 Nc4 45. Be2 Re4 46. Kd1 Rd4+ 47.
Kc1 Re4 48. Kd1 Rd4+ 49. Ke1 Re4 50. Kd1 1/2-1/2

[Event "FIDE World Bl Team Final"]
[Site "London ENG"]
[Date "2025.06.15"]
[Round "4.1"]
[White "Duda, Jan-Krzysztof"]
[Black "Ansat, Aldiyar"]
[Result "1/2-1/2"]
[WhiteTitle "GM"]
[BlackTitle "IM"]
[WhiteElo "2725"]
[BlackElo "2489"]
[WhiteTeam "A1 WR Chess Team"]
[BlackTeam "D2 KazChess"]
[WhiteFideId "1170546"]
[BlackFideId "13715658"]
[EventDate "2025.06.15"]
[EventType "team-k.o. (blitz)"]

1. e4 c5 2. Nf3 Nc6 3. Bb5 e6 4. c3 d5 5. exd5 Qxd5 6. O-O Nf6 7. d4 cxd4 8. c4
Qd6 9. Nxd4 Bd7 10. Bxc6 Bxc6 11. Nc3 Be7 12. Ncb5 Bxb5 13. Nxb5 Qc6 14. Qe2 O-O
15. Rd1 a6 16. Nd4 Qc7 17. Nf3 Rfd8 18. Be3 h6 19. h3 Rxd1+ 20. Rxd1 Rd8 21. Bd4
Qc6 22. b3 Qe4 23. Be3 Rc8 24. Qd3 Rd8 25. Qe2 Rc8 26. Ne1 Bc5 27. Nc2 b5 28.
cxb5 axb5 29. Qd2 Nd5 30. Bxc5 Rxc5 31. Ne3 Nxe3 32. Qxe3 Qxe3 33. fxe3 Rc2 34.
Rd8+ Kh7 35. Rb8 Rxa2 36. Rxb5 Re2 37. Re5 Rb2 38. Rb5 Re2 39. Re5 Rb2 1/2-1/2

[Event "FIDE World Bl Team Final"]
[Site "London ENG"]
[Date "2025.06.15"]
[Round "4.1"]
[White "Kamalidenova, Meruert"]
[Black "Kosteniuk, Alexandra"]
[Result "1/2-1/2"]
[WhiteTitle "IM"]
[BlackTitle "GM"]
[WhiteElo "2330"]
[BlackElo "2474"]
[WhiteTeam "D2 KazChess"]
[BlackTeam "A1 WR Chess Team"]
[WhiteFideId "13712802"]
[BlackFideId "4128125"]
[EventDate "2025.06.15"]
[EventType "team-k.o. (blitz)"]

1. e4 c6 2. d4 d5 3. f3 e6 4. Nc3 Bb4 5. Bd2 Ne7 6. Bd3 Nd7 7. Nge2 e5 8. exd5
cxd5 9. O-O O-O 10. Kh1 Bd6 11. dxe5 Nxe5 12. Bf4 Be6 13. Nb5 Bb8 14. Nbd4 N7g6
15. Bg3 Nxd3 16. Qxd3 Bxg3 17. Nxg3 Nf4 18. Qd2 Qf6 19. c3 Rad8 20. Rae1 Rfe8
21. Re3 h5 22. Nge2 Ng6 23. f4 Bg4 24. f5 Bxe2 25. Qxe2 Rxe3 26. Qxe3 Ne5 27. h3
Nc4 28. Qe2 h4 29. Re1 Nd6 30. Qe7 Re8 31. Qxe8+ Nxe8 32. Rxe8+ Kh7 33. Rb8 Qb6
34. Nf3 g6 35. fxg6+ Kxg6 36. b3 Qc7 37. Rg8+ Kf6 38. Rg4 Qxc3 39. Rxh4 Qa1+ 40.
Kh2 Qxa2 41. b4 a5 42. bxa5 Qxa5 43. Rf4+ Ke7 44. h4 Qc7 45. Kg3 b5 46. h5 Qd6
47. Kg4 Qe6+ 48. Kg3 Kf8 49. Nd4 Qe3+ 50. Nf3 Kg8 51. Rb4 Qd3 52. Rd4 Qf5 53.
Rb4 Qxh5 54. Rxb5 Qg6+ 55. Kf2 Qc2+ 56. Kg3 Qc7+ 57. Kf2 Qd6 58. Rb2 f6 59. Rd2
Kf7 60. Rd4 Qc5 61. Kg3 Qd6+ 62. Kf2 Qc5 63. Kg3 Qc7+ 64. Kg4 Ke6 65. Rd2 Qg7+
66. Kf4 Qh6+ 67. Kg3 Qg6+ 68. Kf4 Qe4+ 69. Kg3 Qa4 70. Rd4 Qa1 71. Rd2 Qa7 72.
Rd4 Qb8+ 73. Kg4 f5+ 74. Kh3 Qh8+ 75. Kg3 Qg7+ 76. Kf2 Qa7 77. Kg3 Qb8+ 78. Kf2
f4 79. Rd2 Qb6+ 80. Rd4 Kf5 81. Kf1 Qb1+ 82. Kf2 Qb2+ 83. Kf1 Ke6 84. Ng5+ Kd6
85. Nf3 Kc5 86. Rd2 Qc1+ 87. Kf2 Qa1 88. Rd3 Qb2+ 89. Rd2 Qc3 90. Ke2 Qe3+ 91.
Kf1 Kc4 92. Rd1 Kc5 93. Rd2 Qe4 94. Kf2 Qe3+ 95. Kf1 Kd6 96. Rd4 Qc1+ 97. Kf2
Qc2+ 98. Rd2 Qc5+ 99. Rd4 Ke6 100. Kf1 Kf5 101. Rd2 Kg4 102. Ne5+ Kf5 103. Nf3
Qb5+ 104. Kf2 Qb6+ 105. Kf1 Qa6+ 106. Kf2 Qa7+ 107. Kf1 Qb7 108. Rd4 Qb1+ 109.
Kf2 Qc2+ 110. Rd2 Qc5+ 111. Kf1 Kg4 112. Ne5+ Kf5 113. Nf3 Qc4+ 114. Kf2 Qe4
115. Rd4 Qe3+ 116. Kf1 Qc1+ 117. Kf2 Qc6 118. Rd2 Qc5+ 119. Kf1 Kg4 120. Ne5+
Kg5 121. Nf3+ Kf5 122. Rd4 Qb5+ 123. Kf2 Qc5 124. Kf1 1/2-1/2

[Event "FIDE World Bl Team Final"]
[Site "London ENG"]
[Date "2025.06.15"]
[Round "4.1"]
[White "Abdusattorov, Nodirbek"]
[Black "Aronian, Levon"]
[Result "1-0"]
[WhiteTitle "GM"]
[BlackTitle "GM"]
[WhiteElo "2767"]
[BlackElo "2742"]
[WhiteTeam "C1 Uzbekistan"]
[BlackTeam "B2 Hexamind Chess Team"]
[WhiteFideId "14204118"]
[BlackFideId "13300474"]
[EventDate "2025.06.15"]
[EventType "team-k.o. (blitz)"]

1. d4 Nf6 2. c4 e6 3. Nf3 b6 4. a3 Bb7 5. Bf4 c5 6. Nc3 cxd4 7. Nxd4 d6 8. Bg3
Nh5 9. e3 Nxg3 10. hxg3 a6 11. Qc2 g6 12. O-O-O Nd7 13. f4 Rc8 14. g4 Bg7 15. f5
Qe7 16. fxe6 fxe6 17. Rxh7 Ne5 18. Rxg7 Qxg7 19. Nxe6 Qf6 20. Nf4 O-O 21. Bd3
Qg5 22. Kb1 Nxd3 23. Qxd3 Qxg4 24. Nxg6 Rf7 25. Qxd6 Be4+ 26. Nxe4 Qxe4+ 27. Ka1
Re8 28. Nf4 Qxe3 29. Nd5 Qe5 30. Qg6+ Kf8 31. Nxb6 Qe6 32. Qh5 Qxb6 33. Qh8+ Ke7
34. Re1+ 1-0

[Event "FIDE World Bl Team Final"]
[Site "London ENG"]
[Date "2025.06.15"]
[Round "4.1"]
[White "Murzin, Volodar"]
[Black "Sindarov, Javokhir"]
[Result "1-0"]
[WhiteTitle "GM"]
[BlackTitle "GM"]
[WhiteElo "2666"]
[BlackElo "2710"]
[WhiteTeam "B2 Hexamind Chess Team"]
[BlackTeam "C1 Uzbekistan"]
[WhiteFideId "44155573"]
[BlackFideId "14205483"]
[EventDate "2025.06.15"]
[EventType "team-k.o. (blitz)"]

1. d4 Nf6 2. Nf3 g6 3. Bg5 Bg7 4. Nbd2 O-O 5. e4 d6 6. c3 c5 7. dxc5 dxc5 8. Be2
Nc6 9. O-O Qc7 10. Re1 b6 11. Qa4 Bb7 12. Ba6 Bxa6 13. Qxa6 h6 14. Bh4 Nh5 15.
Bg3 Nxg3 16. hxg3 Rfd8 17. a4 Qc8 18. Qxc8 Raxc8 19. Nc4 Kf8 20. Kf1 Ke8 21. Ke2
Rd7 22. Red1 Rcd8 23. Rxd7 Rxd7 24. g4 g5 25. Nfd2 Rb7 26. Ne3 e6 27. Ndc4 Ke7
28. Rd1 Rd7 29. Rxd7+ Kxd7 30. Nc2 Be5 31. Ne1 Bc7 32. Nd3 Ke7 33. Ke3 a6 34.
Ke2 b5 35. axb5 axb5 36. Na3 c4 37. Ne1 Na7 38. g3 Kd6 39. Nec2 Kc5 40. Nd4 Be5
41. Nac2 Nc8 42. Ke3 Nb6 43. f4 Bd6 44. Na3 b4 45. cxb4+ Kxb4 46. Nac2+ Ka4 47.
e5 Bc5 48. Ke4 Bxd4 49. Nxd4 Nd7 50. Nc6 Kb5 51. Nd8 Nc5+ 52. Ke3 Na4 53. Nxf7
Nxb2 54. Nd6+ Kc6 55. Kd4 Nd3 56. Nxc4 Nf2 57. Ne3 Kd7 58. f5 Ke7 59. f6+ Kf7
60. Kc5 Ne4+ 61. Kc6 Nxg3 62. Kd7 h5 63. Nc4 h4 64. Nd6+ Kf8 65. Kxe6 h3 66. Kd7
h2 67. e6 Kg8 68. e7 1-0

[Event "FIDE World Bl Team Final"]
[Site "London ENG"]
[Date "2025.06.15"]
[Round "4.1"]
[White "Kasimdzhanov, Rustam"]
[Black "Giri, Anish"]
[Result "1/2-1/2"]
[WhiteTitle "GM"]
[BlackTitle "GM"]
[WhiteElo "2675"]
[BlackElo "2748"]
[WhiteTeam "C1 Uzbekistan"]
[BlackTeam "B2 Hexamind Chess Team"]
[WhiteFideId "14200244"]
[BlackFideId "24116068"]
[EventDate "2025.06.15"]
[EventType "team-k.o. (blitz)"]

1. e4 e5 2. Nf3 Nc6 3. Bb5 Nf6 4. O-O Nxe4 5. Re1 Nd6 6. Nxe5 Be7 7. Bf1 Nxe5 8.
Rxe5 O-O 9. d4 Bf6 10. Re2 Nf5 11. c3 d5 12. Bf4 c6 13. Nd2 Nh4 14. Bg3 Ng6 15.
Nf3 Bf5 16. Re3 Re8 17. Qd2 Rxe3 18. Qxe3 Qe7 19. Qd2 Re8 20. Re1 Qd8 21. h3 h6
22. Rxe8+ Qxe8 23. Qe2 Qxe2 24. Bxe2 Kf8 25. Kf1 Ke8 26. Ke1 Be7 27. Ne5 Nxe5
28. Bxe5 f6 29. Bb8 a6 30. Bg4 Bxg4 31. hxg4 Kd7 32. Bf4 Ke6 33. Ke2 f5 34. Kf3
Bf8 35. Be3 g6 36. g5 h5 37. Ke2 f4 38. Bxf4 Kf5 39. Bd2 Be7 40. f3 Bxg5 41.
Bxg5 Kxg5 42. g3 Kf5 43. Kf2 g5 44. Kg2 g4 45. Kf2 b6 46. b4 b5 47. Kg2 Kg5 48.
Kf2 Kf5 49. Kg2 Kg5 50. Kf2 Kf5 1/2-1/2

[Event "FIDE World Bl Team Final"]
[Site "London ENG"]
[Date "2025.06.15"]
[Round "4.1"]
[White "Vidit, Santosh Gujrathi"]
[Black "Vokhidov, Shamsiddin"]
[Result "1-0"]
[WhiteTitle "GM"]
[BlackTitle "GM"]
[WhiteElo "2720"]
[BlackElo "2644"]
[WhiteTeam "B2 Hexamind Chess Team"]
[BlackTeam "C1 Uzbekistan"]
[WhiteFideId "5029465"]
[BlackFideId "14204223"]
[EventDate "2025.06.15"]
[EventType "team-k.o. (blitz)"]

1. d4 Nf6 2. c4 e6 3. Nf3 d5 4. g3 Be7 5. Bg2 O-O 6. Qc2 c5 7. dxc5 Qa5+ 8. Qc3
Qxc5 9. cxd5 Nxd5 10. Qxc5 Bxc5 11. O-O Nc6 12. Nbd2 Rd8 13. Nb3 Be7 14. Bg5 f6
15. Bd2 e5 16. Rfc1 a5 17. a3 a4 18. Nc5 Bxc5 19. Rxc5 Be6 20. Kf1 Nde7 21. Be3
Nf5 22. Ke1 e4 23. Nd2 Nxe3 24. fxe3 f5 25. g4 g6 26. gxf5 gxf5 27. Bh3 Ra5 28.
Nxe4 Kg7 29. Rxa5 Nxa5 30. Nc5 Kf6 31. Nxa4 Nc4 32. Rc1 Nxe3 33. Nc5 Bd5 34. Nd3
Be4 35. Rc3 Rg8 36. Nf4 Rg1+ 37. Kf2 Rh1 38. Rxe3 Rxh2+ 39. Kg3 Rh1 40. Bg2 Rb1
41. Bxe4 1-0

[Event "FIDE World Bl Team Final"]
[Site "London ENG"]
[Date "2025.06.15"]
[Round "4.1"]
[White "Tokhirjonova, Gulrukhbegim"]
[Black "Divya, Deshmukh"]
[Result "0-1"]
[WhiteTitle "IM"]
[BlackTitle "IM"]
[WhiteElo "2370"]
[BlackElo "2463"]
[WhiteTeam "C1 Uzbekistan"]
[BlackTeam "B2 Hexamind Chess Team"]
[WhiteFideId "14203626"]
[BlackFideId "35006916"]
[EventDate "2025.06.15"]
[EventType "team-k.o. (blitz)"]

1. Nf3 Nf6 2. g3 d5 3. Bg2 Bf5 4. O-O e6 5. d3 h6 6. Nbd2 c6 7. Qe1 Be7 8. e4
dxe4 9. dxe4 Bh7 10. Ne5 O-O 11. Nd3 Na6 12. Nb3 c5 13. Na5 Qc8 14. Bf4 c4 15.
Ne5 Bb4 16. Bd2 c3 17. Bxc3 Bxc3 18. Qxc3 Qxc3 19. bxc3 b6 20. Nac6 Bxe4 21.
Rfd1 Nc5 22. Rd4 Bxg2 23. Kxg2 Nfe4 24. c4 Kh7 25. a4 f6 26. Nd3 Rfc8 27. Ncb4
e5 28. Rd5 Nc3 29. Rd6 N5xa4 30. Nd5 Nxd5 31. cxd5 b5 32. Nb4 Rc4 33. Nc6 Rxc2
34. Rd7 Nb6 35. Rdxa7 Rxa7 36. Rxa7 Nxd5 37. Rb7 b4 38. Rb5 Rxc6 39. Rxd5 Rb6
40. Rd2 b3 41. Rb2 Kg6 42. Kf3 Kf5 43. Ke3 Kg4 44. f3+ Kh3 45. Ke4 h5 46. Kf5 h4
47. gxh4 Kxh4 48. Kg6 Rb7 49. Kf5 Kh5 50. f4 exf4 51. Kxf4 Rb5 52. Ke4 Kh4 53.
Kf4 g5+ 54. Kf3 f5 55. Kg2 g4 56. Kf2 Kh3 57. Ke3 Rb4 58. Kd3 f4 59. Kc3 Rb8 60.
Kd3 g3 61. hxg3 fxg3 62. Ke2 g2 63. Kf2 Rf8+ 0-1

[Event "FIDE World Bl Team Final"]
[Site "London ENG"]
[Date "2025.06.15"]
[Round "4.2"]
[White "Nepomniachtchi, Ian"]
[Black "Grischuk, Alexander"]
[Result "1/2-1/2"]
[WhiteTitle "GM"]
[BlackTitle "GM"]
[WhiteElo "2757"]
[BlackElo "2667"]
[WhiteTeam "A1 WR Chess Team"]
[BlackTeam "D2 KazChess"]
[WhiteFideId "4168119"]
[BlackFideId "4126025"]
[EventDate "2025.06.15"]
[EventType "team-k.o. (blitz)"]

1. e4 e5 2. Nf3 Nc6 3. Bc4 Bc5 4. c3 Nf6 5. d3 a6 6. O-O d6 7. a4 Ba7 8. Re1 O-O
9. h3 h6 10. Nbd2 Re8 11. b4 Qe7 12. Rb1 Be6 13. b5 axb5 14. axb5 Nb8 15. Bxe6
Qxe6 16. d4 Nbd7 17. Bb2 Bb6 18. c4 exd4 19. Nxd4 Bxd4 20. Bxd4 b6 21. Ra1 Nc5
22. Rxa8 Rxa8 23. Qc2 Nh5 24. Re3 Nf4 25. Kh2 f6 26. Nf1 Ra4 27. Nd2 Ra8 28. Nf1
Ra4 29. Nd2 1/2-1/2

[Event "FIDE World Bl Team Final"]
[Site "London ENG"]
[Date "2025.06.15"]
[Round "4.2"]
[White "Rapport, Richard"]
[Black "Firouzja, Alireza"]
[Result "0-1"]
[WhiteTitle "GM"]
[BlackTitle "GM"]
[WhiteElo "2714"]
[BlackElo "2766"]
[WhiteTeam "D2 KazChess"]
[BlackTeam "A1 WR Chess Team"]
[WhiteFideId "738590"]
[BlackFideId "12573981"]
[EventDate "2025.06.15"]
[EventType "team-k.o. (blitz)"]

1. e4 c5 2. Nf3 d6 3. c3 Nf6 4. Be2 Bd7 5. e5 dxe5 6. Nxe5 Nc6 7. Nxd7 Qxd7 8.
O-O g6 9. d3 Bg7 10. a4 O-O 11. Na3 Nd5 12. Nc4 Rfd8 13. a5 b5 14. axb6 axb6 15.
Rxa8 Rxa8 16. Bf3 Rb8 17. Be4 e6 18. f4 b5 19. Ne3 b4 20. Bxd5 exd5 21. c4 dxc4
22. dxc4 Qxd1 23. Rxd1 Nd4 24. Kf2 Nb3 25. Nd5 Nxc1 26. Rxc1 Bxb2 27. Rb1 Bd4+
28. Kf3 Ra8 29. f5 Kg7 30. g4 Ra3+ 31. Ke4 b3 32. f6+ Kf8 33. Nb4 Bxf6 34. Nd3
b2 35. Ne5 Ra1 0-1

[Event "FIDE World Bl Team Final"]
[Site "London ENG"]
[Date "2025.06.15"]
[Round "4.2"]
[White "Ansat, Aldiyar"]
[Black "Vachier-Lagrave, Maxime"]
[Result "0-1"]
[WhiteTitle "IM"]
[BlackTitle "GM"]
[WhiteElo "2489"]
[BlackElo "2736"]
[WhiteTeam "D2 KazChess"]
[BlackTeam "A1 WR Chess Team"]
[WhiteFideId "13715658"]
[BlackFideId "623539"]
[EventDate "2025.06.15"]
[EventType "team-k.o. (blitz)"]

1. e4 c5 2. Nf3 d6 3. d4 cxd4 4. Nxd4 Nf6 5. Nc3 a6 6. Nb3 g6 7. h4 h5 8. Bg5
Bg7 9. Qd2 Nbd7 10. O-O-O b5 11. Bd3 Bb7 12. a3 Rc8 13. Kb1 O-O 14. f3 Rxc3 15.
Qxc3 Nxe4 16. Qe1 Nxg5 17. hxg5 Ne5 18. Be4 d5 19. g4 e6 20. gxh5 Qxg5 21. Bd3
gxh5 22. Qf2 Qf6 23. Rdg1 Rc8 24. Rxh5 Kf8 25. Rxg7 Qxg7 26. Qd4 Ng6 27. Qa7 Bc6
28. Qxa6 Ne7 29. Qa7 Be8 30. Qe3 Ng8 31. f4 Nf6 32. Rg5 Qh6 33. Qe5 Rd8 34. Qc7
Rd7 35. Qc5+ Re7 36. Nd4 Qh4 37. Ne2 Qe1+ 38. Ka2 Ne4 39. Qd4 f6 40. Rg1 Qh4 41.
Bxe4 dxe4 42. Qxe4 e5 43. Qg2 Bf7+ 44. Kb1 exf4 45. Kc1 Re5 46. Qf3 Qh2 47. Re1
Re3 48. Qa8+ Re8 49. Qf3 Bh5 50. Qc6 Rxe2 51. Qxf6+ Bf7 52. Qd8+ Kg7 53. Qd4+
Kf8 54. Qc5+ Kg8 55. Qc8+ Kh7 56. Rd1 Qh6 57. Qf5+ Qg6 58. Qh3+ Kg8 59. Qc8+ Re8
60. Qc3 Qg7 61. Qc5 f3 62. Rg1 Bg6 63. Qd5+ Kf8 64. Qxf3+ Qf7 65. Qg3 Re6 66.
Qb8+ Kg7 67. Qxb5 Qf2 68. Qd7+ Kf8 69. Qd1 Qe3+ 70. Kb1 Ke7 71. Rh1 Be4 72. Rh8
Rd6 73. Qf1 Bxc2+ 74. Kxc2 Qe4+ 75. Kb3 Rd3+ 76. Kc2 Rf3+ 0-1